[Event "CRO-ch U13"]
[Site "Trogir"]
[Date "2022.06.24"]
[Round "4"]
[White "Radalj, Niko"]
[Black "Gasparovic, Roko"]
[Result "0-1"]
[WhiteElo "1179"]
[BlackElo "1696"]
[PlyCount "60"]
[EventDate "2022.06.22"]
[EventType "swiss"]
[EventRounds "9"]
[EventCountry "CRO"]
[SourceTitle "CBM 209 Extra"]
[Source "ChessBase"]
[SourceDate "2022.09.30"]
[SourceVersion "1"]
[SourceVersionDate "2022.09.30"]
[SourceQuality "1"]

1. e4 c5 2. Nf3 d6 3. d4 cxd4 4. Nxd4 Nf6 5. Nc3 a6 6. Bg5 e6 7. f4 Be7 8. Qf3 Qc7 9. Nb3 Nbd7 10. 0-0-0 b5 11. a3 Rb8 12. g4 b4 13. axb4 Rxb4 14. Bxf6 Nxf6 15. h4 a5 16. g5 Nd7 17. Bb5 0-0 18. h5 Nc5 19. Nxc5 Qxc5 20. Ba4 Bb7 21. Rdg1 Rc8 22. Qg2 Qe3+ 23. Kb1 Qxc3 24. Bb3 Qc7 25. g6 Bf6 26. gxh7+ Kxh7 27. h6 g6 28. f5 exf5 29. Qh3 Bxe4 30. Rh2 a4 0-1

[Event "CRO-ch U11"]
[Site "Trogir"]
[Date "2020.08.26"]
[Round "4"]
[White "Petrus, Adrian"]
[Black "Radalj, Niko"]
[Result "1-0"]
[WhiteElo "1336"]
[BlackElo "1077"]
[PlyCount "109"]
[EventDate "2020.08.24"]
[EventType "swiss"]
[EventRounds "9"]
[EventCountry "CRO"]
[SourceTitle "CBM 198 Extra"]
[Source "ChessBase"]
[SourceDate "2020.11.30"]
[SourceVersion "1"]
[SourceVersionDate "2020.11.30"]
[SourceQuality "1"]

1. e4 c5 2. Nf3 d6 3. Bb5+ Bd7 4. Bxd7+ Qxd7 5. 0-0 e6 6. c3 Be7 7. d4 cxd4 8. cxd4 Nf6 9. Qe2 Nc6 10. Nc3 Nb8 11. Nb1 Nc6 12. Nc3 0-0 13. Bg5 h6 14. Bh4 Rad8 15. Rfe1 a6 16. d5 Ne5 17. Nxe5 dxe5 18. Bxf6 Bxf6 19. dxe6 fxe6 20. Red1 Qc6 21. h3 Qb6 22. a3 Bh4 23. Rxd8 Bxf2+ 24. Kh2 Qxd8 25. Rf1 Bh4 26. Rxf8+ Qxf8 27. Qg4 Qf6 28. Qf3 h5 29. Qxf6 Bxf6 30. Kg3 Kf7 31. Kf3 Ke7 32. Ke3 Kd6 33. Kd3 Bg5 34. Ne2 h4 35. b4 Kc6 36. Kc3 Kb5 37. Kb3 a5 38. a4+ Kb6 39. bxa5+ Kxa5 40. Nc3 Bd2 41. Nb5 Bb4 42. Nc7 Be7 43. Nxe6 Bf6 44. Nc7 g5 45. Nb5 b6 46. Na3 Bg7 47. Nc4+ Ka6 48. Nd6 Bh8 49. Nf7 Bf6 50. Nd6 Bg7 51. Nf5 Bh8 52. Kb4 Bf6 53. Kb3 Ka5 54. Nd6 Be7 55. Nc4+ 1-0